Quizzes
Events
Quiz Creation
Community
Videos
Private Events
Remove Ads
Sign In
Join for FREE
Feedback
Dark Mode
Quiz Categories
Sports
Geography
Music
Movies
Television
Just For Fun
Miscellaneous
History
Literature
Language
Science
Gaming
Entertainment
Religion
Holiday
For Kids
Quiz Lab
Recent
Popular Today
Quiz Kudos Today
Editor Picks
Curator Picks
Quizzes by...
Day
Popularity
Type
Ratings
Length
Year
Community
Subscriptions
Recent Discussions
Orange Saloon
Badges
Playlists
Quests
Create
Leaderboards
Showdown
Live 5
Trivia Bingo
Activity
Puzzle Library
Sporcle Events
Private Events
Virtual Trivia
Globe League
Become a Host
Pub Owners
SporcleCon
Opinionation
Our Games
Videos
Blog
Mobile Apps
Partnerships
Remove Ads and Go Orange
Feedback
Music
Pop Music
The Beatles
Song
Album
Lyrics
Bands
Singers
Artist
Clip
Rock
Rap
Classical
Billboard
Country Music
Kpop
Taylor Swift
Music
Pop Music
The Beatles
Song
Album
Lyrics
Bands
Singers
Artist
Clip
Rock
Rap
Classical
Billboard
Country Music
Kpop
Taylor Swift
Random Quiz
Search Sporcle
×
Quiz Lab
Quiz Lab
Music
Billboard
Type in answers that appear in a list
Type in answers that appear in a list
Classic
Best Score? Go Orange.
Billboard Year-End 2017 Hot 100 Stats
Can you name the artists that performed the 2017 Billboard Year-End Hot 100?
By
MonkeyMcmonk
10m
100 Questions
223 Plays
223 Plays
223 Plays
Comments
Comments
Give Quiz Kudos
Give Quiz Kudos
-
- Ratings
hide this ad
Replay
Link that replays current quiz
Next Quiz
Link to next quiz in quiz playlist
You Got
0%
They Got
Avg Score
64%
Avg Friend Score
Upgrade to see
Score Distribution
Jump to the score distribution portion of the page
Score
0/100
Timer
10:00
0
Plays Today
#
Artist
% Correct
1
Ed Sheeran
96%
40
Ed Sheeran
96%
12
DJ Khaled feat. Justin Bieber, Quavo, Chance the Rapper, and Lil Wayne
91.9%
38
Maroon 5 feat. Kendrick Lamar
89.7%
3
Bruno Mars
88.3%
16
Bruno Mars
88.3%
66
Kendrick Lamar feat. Rihanna
88.3%
5
The Chainsmokers & Coldplay
84.8%
7
The Chainsmokers feat. Halsey
84.8%
71
Calvin Harris feat. Frank Ocean & Migos
84.3%
2
Luis Fonsi & Daddy Yankee feat. Justin Bieber
83.9%
46
DJ Snake feat. Justin Bieber
83.9%
69
Maroon 5 feat. Future
83.4%
42
The Chainsmokers
83%
74
Calvin Harris feat. Pharrell Williams, Katy Perry, and Big Sean
83%
10
Post Malone feat. Quavo
82.5%
18
DJ Khaled feat. Rihanna & Bryson Tiller
82.5%
83
Gucci Mane feat. Drake
82.5%
4
Kendrick Lamar
81.6%
62
Kendrick Lamar
81.6%
6
Migos feat. Lil Uzi Vert
80.7%
36
Liam Payne feat. Quavo
80.7%
26
Zayn / Taylor Swift
79.8%
31
Logic feat. Alessia Cara & Khalid
79.8%
37
Drake
79.8%
65
Drake
79.8%
39
Taylor Swift
78.9%
86
Migos feat. Gucci Mane
78.9%
93
Gucci Mane feat. Migos
78.9%
33
Rihanna
78%
52
Migos
78%
20
The Weeknd feat. Daft Punk
76.2%
34
The Weeknd feat. Daft Punk
76.2%
97
Maroon 5 feat. SZA
75.8%
#
Artist
% Correct
9
Imagine Dragons
74.9%
23
Shawn Mendes
74.9%
49
Justin Timberlake
74.9%
51
Imagine Dragons
74.9%
54
Shawn Mendes
74.9%
92
Shawn Mendes
74.9%
56
Post Malone feat. 21 Savage
74%
24
Cardi B
73.5%
17
Zedd & Alessia Cara
72.6%
43
Ariana Grande feat. Nicki Minaj
72.2%
73
Katy Perry feat. Skip Money
71.7%
30
Alessia Cara
70.9%
96
Camila Cabello feat. Young Thug
69.1%
21
Khalid
68.2%
78
Khalid
68.2%
41
Machine Gun Kelly x Camila Cabello
67.3%
22
Charlie Puth
66.8%
87
Harry Styles
66.8%
85
Jason Derulo feat. Nicki Minaj & Ty Dolla $ign
65.9%
91
Cheat Codes feat. Demi Lovato
65.9%
89
Miley Cyrus
65.5%
8
Sam Hunt
65%
13
Lil Uzi Vert
65%
47
Demi Lovato
65%
19
Rae Sremmurd feat. Gucci Mane
64.6%
82
Hailee Steinfeld & Grey feat. Zedd
64.6%
58
twenty one pilots
64.1%
77
Sam Smith
64.1%
14
Future
63.7%
32
Niall Horan
62.3%
27
Kygo x Selena Gomez
60.5%
50
J Balvin & Willy William feat. Beyonce
60.1%
53
Yo Gotti feat. Nicki Minaj
59.2%
67
Kesha
57.4%
#
Artist
% Correct
84
P!nk
57.4%
80
SZA feat. Travis Scott
56.1%
64
Rae Sremmurd
55.6%
44
Clean Bandit feat. Sean Paul & Anne-Marie
55.2%
59
Halsey
55.2%
48
21 Savage
54.3%
15
French Montana feat. Swae Lee
53.4%
25
Childish Gambino
53.4%
35
Big Sean
53.4%
11
James Arthur
52.9%
28
KYLE feat. Lil Yachty
52.9%
70
D.R.A.M. feat. Lil Yachty
52.9%
29
Julia Michaels
51.6%
45
Portugal. The Man
49.8%
88
Adele
47.5%
57
Brett Young
45.3%
100
Keith Urban feat. Carrie Underwood
44.4%
81
A Boogie Wit da Hoodie feat. Kodak Black
43.5%
55
Kodak Black
42.2%
68
Travis Scott
35.4%
75
Jon Bellion
35%
60
Amine
28.3%
72
Kane Brown feat. Lauren Alaina
28.3%
98
Blackbear
27.4%
99
XXXTentacion
26.5%
76
Luke Combs
24.7%
61
Ayo & Teo
23.8%
79
Playboi Carti
19.7%
90
Marian Hill
17.5%
63
Zay Hilfigerrr & Zayion McCall
16.1%
94
Dustin Lynch
16.1%
95
YFN Lucci feat. PnB Rock
14.3%
Quiz Playlist
Details
Report
Send in Message
Add To Playlist
Classic:
Type in answers that appear in a list
Quiz Source
Last Updated: Dec 12, 2017
Quiz Scoreboard
CHALLENGE
Sign Up to Join the Scoreboard
Show All
Scores
Hide
Comments
May contain spoilers
Recently Published
9x9 Crossword: Cartoon Network
by jackfrog10
Miscellaneous
3m
College Basketball Coaching Resumes
by pancakes188
Sports
9m
Billboard Blitz: Fleetwood Mac
by CooCooCachoo
Music
15s
More to Explore
Quiz From the Vault
Featured Blog Post
Where Did the Easter Bunny Come From?
hide this ad
You Might Also Like...
Tags
Artist Quiz
Billboard Quiz
2017
Hot 100
Top Billboard
Top Songs
US Billboard
Today's Top Quizzes in Music
Browse Music
hide this ad
Today's Top Quizzes in Billboard
Browse Billboard
Top Contributed Quizzes in Music
1
Taylor Swift All Songs (2024)
2
Guess the Artist- 70s Songs
3
7-to-1: Billboard Hot 100 #1 Hits of 2010s
4
Sorting Albums and Songs
5
Taylor Swift Logic Puzzle
6
KPOP LOGIC QUIZ
7
Guess the Taylor Swift song (Mystery Song)
8
Guess The Taylor Swift Lyrics Song #1
9
Billboard Blitz: ABBA
10
One Thing in Common: Music
Explore More
Trending Topics
Anime
Harry Potter
Marvel
Disney
NBA
Crossword
Kpop
Song
Soccer
Country
The Office
NFL
Pokémon
WWE
Puzzle
hide this ad
More By:
MonkeyMcmonk
Quiz
Plays
Rating
Category
Featured
Created
50 First Names in 5 Minutes 2
5,652
3.92
Entertainment
Jun 9, 2014
Clickable NBA Champions
4,433
4.38
Sports
Jun 22, 2014
3+ Big 4 Teams Cities
3,847
4.57
Sports
Jun 15, 2016
Missing Word: Tyler Perry Movies
869
4.25
Movies
Jul 30, 2012
2016 Billboard Year End Hot 100
774
4.00
Music
Dec 12, 2016
Go to Creator's Profile
Score Distribution
Quiz Creator Spotlight
MonkeyMcmonk
Follow
Send a Message
Quizzes Created
-
Created Quiz Play Count
-
More By This Creator
Popular Quizzes Today
1
Find the US States - No Outlines Minefield
2
Find the Countries of Europe - No Outlines Minefield
3
The Countries of the World
4
Find the US States
5
Risky Map Clicking: Biggest States A-Z
6
US States
7
Popular People in 1961
8
Movies - When Are They Set?
More Music Quizzes
Half n Half: Rock Bands
Published
Trending Quizzes
Risky Map Clicking: Least Populous States A-Z
1-10 Letter G Words
1-10 Letter F Words
Risky Map Clicking: Next State Alphabetically
Adjectives in 80s TV Shows
Recently Updated
Leaping Animals
pecheneg
Reality TV Shows (A-Z)
bhenderson79
Rickey Henderson's Hall of Fame Teammates
pecheneg
Champions League XIs: Arsenal
pecheneg
Quick Pick: Celebrities in WWE's Hall of Fame
aduchscher
A-Z Keypad Blitz II
pecheneg
Multiple Oscar Actors
pecheneg
Mystery Phrase Blitz: Oscar 'Best Actors'
pecheneg
F. Scott Fitzgerald Novels
LTH
Pick 3 Villains
ddd62291
Trending Topics
Harry Potter
Marvel
Anime
Crossword
Disney
Kpop
NBA
Country
WWE
Song
Puzzle
Pokémon
Soccer
The Office
NFL
Your Account Isn't Verified!
In order to create a playlist on Sporcle, you need to verify the email address you used during registration. Go to your
Sporcle Settings
to finish the process.
Report this User
Report this user for behavior that violates our
Community Guidelines
.
Details:
Send Report
Go to the Sporcle.com Mobile Site →
Comments